000 00217nam a22000857a 4500
001 1235189
005 20250930110904.0
245 _aLİDERLER VE DİĞERLERİ
_cBRIGGITTE LABBE
260 _bGÜNIŞIĞI KİTAPLIĞI YAYINLARI
999 _c1235189
_d1235189